1984 1537 1712 1620 1647 1613 1615 1155 1696 1306 1528 1479 1655 1033 1077 1144 1281 1068 1229 1869 1262 1897 1761 1262 1393 1044 1268 1635 1657 1779 1931 1795 1605 1205 1551 1711 1555 1691 1659 1771 1521 1974 1339 1713 1276 1731 1414 1418 1388 1853 1697 1753 1171 1566 1396 1882 1152 1706 1462 1489 1910 1945 1746 1342 1987 1073 1759 1934 1270 1760 1838 1583 1496 1482 1709 1698 1191 1943 1005 1070 1481 1675 1971 1169 1109 1907 1571 1937 1780 1026 1391 1106 1367 1518 1334 1364 1733 1054 1647 BCNSPRNW ULIB Ver.6.0+V

เปลี่ยนเป็นภาษาไทย

Change to English
 แสดงรายละเอียดบรรณานุกรม
  กลับหน้าหลัก

Brief Record : Get Marc (ISO 2709) : E-mail record : QR code < ปิดหน้าต่าง
LEADER : 00000nam 2200000uu 4500
001    13399124654
003     ULIB
008    151116s2002||||th 000 0 eng d
020    ^a9740426468
099    ^aวพ.WS115^bR236S
100 0  ^aRatikan Ngampiam
245 10 ^aSleep pattern and sleep disturbance factors of 1 to 2 year old ill children in the general pediatric unit =^bแบบแผนการนอนหลับและสิ่งรบกวนการนอนหลับของเด็กป่วยอายุ 1-2 ปี ที่รับการรักษาในหอผู้ป่วยกุมารเวชกรรม /^cRatikan Ngampiam
246 31 ^aแบบแผนการนอนหลับและสิ่งรบกวนการนอนหลับของเด็กป่วยอายุ 1-2 ปี ที่รับการรักษาในหอผู้ป่วยกุมารเวชกรรม
260    ^aBangkok :^bMahidol University^c2002
300    ^ax, 73 leaves ;^c30 cm.
500    ^aSend to Single Search
502    ^aThesis (M.N.S. (Pediatric Nursing))--Mahidol University,2002
610 20 ^aMahidol University^xDissertations
610 20 ^aMahidol University. ^bFaculty of Medicine RamathibodiHospital^xDissertations
650  0 ^aSleep^xin infancy & childhood
691    ^aM.N.S. (2002)
692    ^aPediatric Nursing (Mahidol University 2002)
700 0  ^aYuwadee Luecha,^eths.
700 0  ^aRenu Pookboonmee,^eths.
710 2  ^aMahidol University
710 2  ^aMahidol University. ^bFaculty of Medicine RamathibodiHospital
710 22 ^aMahidol University.^tThesis
710 22 ^aมหาวิทยาลัยมหิดล.^tวิทยานิพนธ์
945    ^p0^l0^i000196
999    ^aเกษร โพธิ์สุวรรณ
รายการนี้ยังไม่มีแท็ก
คุณยังไม่ได้ล็อกอิน คุณสามารถมีกิจกรรมร่วมกับเว็บไซต์ได้ แต่ต้องล็อกอินก่อน ::
  ล็อกอิน

รายการสื่อสารสนเทศ

ลำดับที่ ประเภท เลขเรียก/บาร์โค้ด สถานที่ สถานะ
1. วิทยานิพนธ์
วิทยานิพนธ์
วพ.WS115 R236S ฉ.1 
  Barcode: 000196
ห้องสมุดวิทยาเขตสวรรค์ประชารักษ์
►วิจัย
บนชั้น

BibComment


ยังไม่เคยถูกคอมเมนท์

คอมเมนท์ทรัพยากรรายการนี้
  คอมเมนท์: Sleep pattern an..


 Copyright 2026. Bcnsprnw @Library